000 00729cam a22002417a 4500
003 CHAP
005 20220329140431.0
008 971013s r 00010 d
010 _a51886
011 _a52858
035 _a57008
040 _cCHAP
090 _aR-2115
100 0 0 _aWind, G. P.
_9122253
245 1 2 _aA hydraulic model for the simulation of non hysteretic vertical unsaturated flow of moisture in soils
500 _aSobretiro de: Journal of Hydrology 15:227-246, 1972
590 _aBATCH-UPD
_b10
_c20130110
_lUCH01
_h0823
590 _aCONVERSION
_b10
_c20130109
_lUCH01
_h1328
650 1 4 _aSuelos
_xHumedad.
_9110391
901 _aBK
942 _cREIMP
949 _aR-2115
_bBC
_cR
_d-124202
_eTS1
_i57008
_si
999 _c51886
_d51886